000 00384nam a2200145Ia 4500
008 240624s9999 xx 000 0 und d
041 _aeng
082 _a658.155 MKU
100 _aMUKHERJEE D D
245 _aCREDIT APPRAISAL RISK ANALYSIS AND DECIS
250 _a(6th ed.)
260 _c2012
_aNew Delhi
_bSnow White Publications Pvt. Ltd.
300 _a775 : p.
365 _cRS
_b20
999 _c19163
_d19163